[Event "Luxembourg-chT 1213"]
[Site "Luxembourg"]
[Date "2013.03.03"]
[Round "10"]
[White "Jeitz, Christian"]
[Black "Koch, Dirk"]
[Result "1/2-1/2"]
[WhiteElo "2188"]
[BlackElo "2150"]
[PlyCount "26"]
[EventDate "2012.10.??"]
[EventType "team-tourn"]
[EventRounds "10"]
[EventCountry "LUX"]
[SourceTitle "EXT 2017"]
[Source "ChessBase"]
[SourceDate "2016.10.25"]
[SourceVersion "1"]
[SourceVersionDate "2016.10.25"]
[SourceQuality "1"]

1. e4 e6 2. d4 d5 3. Nc3 Bb4 4. e5 c5 5. a3 Bxc3+ 6. bxc3 Ne7 7. Nf3 0-0 8. Bd3 h6 9. 0-0 b6 10. a4 Ba6 11. Ba3 Bxd3 12. Qxd3 Nd7 13. c4 dxc4 1/2-1/2

[Event "Luxembourg-chT 1314"]
[Site "Luxembourg"]
[Date "2013.??.??"]
[Round "2"]
[White "Koch, Dirk"]
[Black "Schockmel, Jean Marie"]
[Result "1/2-1/2"]
[WhiteElo "2150"]
[BlackElo "1907"]
[PlyCount "66"]
[EventDate "2013.10.05"]
[EventType "team-tourn"]
[EventRounds "10"]
[EventCountry "LUX"]
[SourceTitle "EXT 2017"]
[Source "ChessBase"]
[SourceDate "2016.10.25"]
[SourceVersion "1"]
[SourceVersionDate "2016.10.25"]
[SourceQuality "1"]

1. e4 c5 2. c3 Nf6 3. e5 Nd5 4. d4 e6 5. c4 Nb6 6. a4 d5 7. exd6 Qxd6 8. Nf3 Nc6 9. Be3 cxd4 10. Nxd4 Qb4+ 11. Nd2 Nxd4 12. Bxd4 Nd7 13. Bc3 Qd6 14. Be2 b6 15. Bf3 Rb8 16. Qe2 Bb7 17. Bxb7 Rxb7 18. Qf3 Rb8 19. 0-0 e5 20. Rfd1 Qe6 21. a5 Be7 22. axb6 axb6 23. Ra7 0-0 24. Nf1 Rfd8 25. Qh3 f5 26. Qg3 Bf6 27. Ne3 Nc5 28. Nd5 Ne4 29. Qf3 Nxc3 30. Qxc3 e4 31. Qb3 Qe5 32. Nxf6+ Qxf6 33. c5+ Kh8 1/2-1/2

[Event "Luxembourg-chT 1112"]
[Site "Luxembourg"]
[Date "2012.03.03"]
[Round "10"]
[White "Gnad, Gunnar"]
[Black "Koch, Dirk"]
[Result "0-1"]
[WhiteElo "1818"]
[BlackElo "2150"]
[PlyCount "82"]
[EventDate "2011.10.??"]
[EventType "team-tourn"]
[EventRounds "10"]
[EventCountry "LUX"]
[SourceTitle "EXT 2017"]
[Source "ChessBase"]
[SourceDate "2016.10.25"]
[SourceVersion "1"]
[SourceVersionDate "2016.10.25"]
[SourceQuality "1"]

1. c4 e6 2. Nc3 d5 3. e3 Nf6 4. d4 Be7 5. Nf3 Nc6 6. Be2 0-0 7. 0-0 Bd7 8. a3 Ne4 9. Nxe4 dxe4 10. Nd2 f5 11. f3 Bg5 12. Qb3 Be8 13. f4 Bf6 14. Qc2 Bf7 15. Nb3 a5 16. Re1 a4 17. Nd2 g5 18. fxg5 Bxg5 19. Nf1 Qf6 20. Bd2 Qh6 21. Rad1 Bh4 22. g3 Bg5 23. Qc1 Rfd8 24. Bc3 Qh3 25. Rd2 h5 26. Bd1 h4 27. gxh4 Bxh4 28. Rg2+ Kf8 29. Ree2 Bh5 30. Rc2 Bf3 31. d5 exd5 32. Bxf3 exf3 33. Rgd2 dxc4 34. Bd4 f2+ 35. Rxf2 Bxf2+ 36. Rxf2 Nxd4 37. exd4 Rxd4 38. Ng3 Ra5 39. Qc2 Rad5 40. Rxf5+ Rxf5 41. Nxf5 Qg4+ 0-1

[Event "RLP-ch MTB 24th"]
[Site "Kaiserslautern"]
[Date "2005.??.??"]
[Round "6"]
[White "Dietzsch, Michael"]
[Black "Koch, Dirk"]
[Result "0-1"]
[WhiteElo "1960"]
[BlackElo "1800"]
[PlyCount "72"]
[EventDate "2005.??.??"]
[EventType "swiss"]
[EventRounds "7"]
[EventCountry "GER"]
[SourceTitle "EXT 2009"]
[Source "ChessBase"]
[SourceDate "2008.11.26"]
[SourceVersion "1"]
[SourceVersionDate "2008.11.26"]
[SourceQuality "1"]

1. e4 e6 2. d4 d5 3. Nd2 Nf6 4. e5 Nfd7 5. Bd3 c5 6. c3 Nc6 7. Ne2 cxd4 8. cxd4 f6 9. Nf4 Nxd4 10. Qh5+ Ke7 11. Ng6+ hxg6 12. Qxh8 Nxe5 13. Bb1 Qc7 14. 0-0 Ne2+ 15. Kh1 Nxc1 16. f4 Ned3 17. Qh3 Nxf4 18. Qe3 g5 19. Bh7 Nfe2 20. Nf3 Qf4 21. Qc5+ Qd6 22. Raxc1 Nxc1 23. Qe3 g4 24. Nh4 Kd8 25. Rxc1 Bd7 26. Bg8 Rc8 27. Re1 d4 28. Qd3 e5 29. Nf5 Qb4 30. Rd1 Qb5 31. Qe4 Qxb2 32. h4 gxh3 33. gxh3 Rc2 34. Rf1 Bxf5 35. Qd5+ Bd7 36. Be6 Qb5 0-1

[Event "RLP-ch MTB 24th"]
[Site "Kaiserslautern"]
[Date "2005.??.??"]
[Round "5"]
[White "Koch, Dirk"]
[Black "Bauer, Kerstin"]
[Result "1-0"]
[WhiteElo "1800"]
[BlackElo "1870"]
[PlyCount "63"]
[EventDate "2005.??.??"]
[EventType "swiss"]
[EventRounds "7"]
[EventCountry "GER"]
[SourceTitle "EXT 2009"]
[Source "ChessBase"]
[SourceDate "2008.11.26"]
[SourceVersion "1"]
[SourceVersionDate "2008.11.26"]
[SourceQuality "1"]

1. e4 c5 2. c3 d5 3. exd5 Qxd5 4. d4 Nc6 5. Nf3 Bg4 6. Be2 e6 7. Be3 cxd4 8. cxd4 Nf6 9. Nc3 Qd8 10. 0-0 Bb4 11. a3 Ba5 12. b4 Bc7 13. Rc1 0-0 14. Nb5 Bb6 15. Bf4 Nd5 16. Bd6 Re8 17. Bg3 Qd7 18. Nd6 Red8 19. Bb5 Bxf3 20. gxf3 Nde7 21. Re1 Bc7 22. Nxb7 Bxg3 23. Nxd8 Bxh2+ 24. Kxh2 Qd6+ 25. Kg2 Nxd4 26. Nc6 e5 27. Nxd4 exd4 28. Qd3 Nd5 29. Qe4 Nf4+ 30. Kf1 Rf8 31. Qe7 Qh6 32. Qxf8+ 1-0

[Event "RLP-ch MTB 24th"]
[Site "Kaiserslautern"]
[Date "2005.??.??"]
[Round "3"]
[White "Koch, Dirk"]
[Black "Graebner, Laurent"]
[Result "0-1"]
[WhiteElo "1800"]
[BlackElo "2010"]
[PlyCount "74"]
[EventDate "2005.??.??"]
[EventType "swiss"]
[EventRounds "7"]
[EventCountry "GER"]
[SourceTitle "EXT 2009"]
[Source "ChessBase"]
[SourceDate "2008.11.26"]
[SourceVersion "1"]
[SourceVersionDate "2008.11.26"]
[SourceQuality "1"]

1. e4 c5 2. c3 Nf6 3. e5 Nd5 4. d4 e6 5. Bc4 Nb6 6. Bb3 d6 7. dxc5 dxc5 8. Qxd8+ Kxd8 9. f4 Nc6 10. Nf3 Be7 11. 0-0 Kc7 12. Na3 a6 13. g3 Bd7 14. f5 Na5 15. f6 Nxb3 16. fxg7 Nxa1 17. gxh8Q Rxh8 18. Bg5 Kd8 19. Rxa1 Bc6 20. Kf2 Bxf3 21. Bxe7+ Kxe7 22. Kxf3 Rd8 23. h4 Rd3+ 24. Kf4 Nd5+ 25. Kg5 Rxg3+ 26. Kh6 Rh3 27. h5 Ne3 28. Re1 Nf5+ 29. Kxh7 Rxh5+ 30. Kg8 Rg5+ 31. Kh8 Kf8 32. Rh1 Rg8+ 33. Kh7 Rg7+ 34. Kh8 Ne7 35. Rh6 Ng6+ 36. Rxg6 Rxg6 37. Kh7 b5 0-1

[Event "Rheinland-ch 28th"]
[Site "Trier"]
[Date "2005.??.??"]
[Round "6"]
[White "Koch, Dirk"]
[Black "Muellen, Armin"]
[Result "0-1"]
[WhiteElo "1800"]
[BlackElo "2145"]
[PlyCount "52"]
[EventDate "2005.03.??"]
[EventType "swiss"]
[EventRounds "7"]
[EventCountry "GER"]
[SourceTitle "EXT 2009"]
[Source "ChessBase"]
[SourceDate "2008.11.26"]
[SourceVersion "1"]
[SourceVersionDate "2008.11.26"]
[SourceQuality "1"]

1. e4 d5 2. exd5 Qxd5 3. Qf3 Qd8 4. Bc4 Nf6 5. Nh3 e6 6. d3 Be7 7. Bf4 0-0 8. Qg3 Bd6 9. Bxd6 cxd6 10. Nd2 Nc6 11. c3 Na5 12. Bb5 Qb6 13. a4 a6 14. Bc4 Qxb2 15. Rb1 Qxc3 16. Qxd6 Nc6 17. Ke2 Rd8 18. Rhc1 Qxd2+ 19. Kxd2 Rxd6 20. Rb6 Nd7 21. Rb2 h6 22. Nf4 Nc5 23. Ra1 Na5 24. Kc3 Nxc4 25. Kxc4 Rc6 26. a5 Na4+ 0-1

[Event "Rheinland-ch 28th"]
[Site "Trier"]
[Date "2005.??.??"]
[Round "5"]
[White "Koch, Dirk"]
[Black "Nagel, Ralf"]
[Result "1-0"]
[WhiteElo "1800"]
[BlackElo "1620"]
[PlyCount "59"]
[EventDate "2005.03.??"]
[EventType "swiss"]
[EventRounds "7"]
[EventCountry "GER"]
[SourceTitle "EXT 2009"]
[Source "ChessBase"]
[SourceDate "2008.11.26"]
[SourceVersion "1"]
[SourceVersionDate "2008.11.26"]
[SourceQuality "1"]

1. e4 d6 2. d4 Nd7 3. Nf3 e5 4. Bc4 h6 5. dxe5 dxe5 6. Qd5 Qe7 7. Be3 Ngf6 8. Qd3 Qb4+ 9. Nc3 Qxb2 10. 0-0 c6 11. Rab1 Qa3 12. Rfd1 Ng4 13. h3 Nxe3 14. fxe3 Qe7 15. Rf1 Nc5 16. Qe2 Be6 17. Nxe5 f6 18. Ng6 Bxc4 19. Qxc4 b5 20. Qe2 Qc7 21. Nxh8 0-0-0 22. Qg4+ Kb7 23. Rfd1 Bd6 24. Ng6 Qa5 25. Ne2 Qxa2 26. Nd4 Qc4 27. Nf4 Nxe4 28. Nfe6 Ng3 29. Nxd8+ Kb6 30. Qd7 1-0

[Event "RLP-ch MTB 24th"]
[Site "Kaiserslautern"]
[Date "2005.??.??"]
[Round "4"]
[White "Schluchter, Steffen"]
[Black "Koch, Dirk"]
[Result "0-1"]
[WhiteElo "2140"]
[BlackElo "1800"]
[PlyCount "45"]
[EventDate "2005.??.??"]
[EventType "swiss"]
[EventRounds "7"]
[EventCountry "GER"]
[SourceTitle "EXT 2009"]
[Source "ChessBase"]
[SourceDate "2008.11.26"]
[SourceVersion "1"]
[SourceVersionDate "2008.11.26"]
[SourceQuality "1"]

1. d4 d5 2. c4 e6 3. Nc3 Nf6 4. Bg5 Be7 5. e3 Nbd7 6. cxd5 exd5 7. Bd3 c6 8. Nge2 Ne4 9. Bxe7 Qxe7 10. Bxe4 dxe4 11. Ng3 0-0 12. Ncxe4 f5 13. Nd2 f4 14. Qb3+ Kh8 15. Ne2 fxe3 16. Qxe3 Re8 17. Qxe7 Rxe7 18. Nc4 Nf6 19. Rd1 Be6 20. b3 Bxc4 21. bxc4 Rae8 22. Rd2 Ne4 23. Rc2 0-1